[Event "Paranaense-ch U20"]
[Site "Pirai do Sul"]
[Date "2019.07.12"]
[Round "1.5"]
[White "Silva, Richard Santana"]
[Black "Grigoli, Leonardo"]
[Result "1-0"]
[WhiteElo "1479"]
[BlackElo "1071"]
[PlyCount "65"]
[EventDate "2019.07.12"]
[EventType "swiss"]
[EventRounds "6"]
[EventCountry "BRA"]
[SourceTitle "EXT 2022"]
[Source "ChessBase"]
[SourceDate "2021.10.06"]
[SourceVersion "1"]
[SourceVersionDate "2021.10.06"]
[SourceQuality "1"]

1. c4 e5 2. g3 g6 3. Bg2 Bg7 4. Nc3 f5 5. d3 d6 6. e3 Nf6 7. Nd5 Nxd5 8. Bxd5 Nd7 9. Bg2 Nf6 10. Qb3 Rb8 11. Qa4+ c6 12. Qxa7 Bd7 13. Qa3 Qc7 14. Bd2 0-0 15. Ne2 e4 16. d4 g5 17. Bb4 Ne8 18. Rd1 b6 19. Qb3 c5 20. Bc3 Ra8 21. dxc5 bxc5 22. Bxg7 Nxg7 23. Nc3 Qa5 24. Rxd6 Ba4 25. Qb6 Qb4 26. Qxb4 cxb4 27. Nd5 Rfc8 28. Ne7+ Kf8 29. Nxc8 Rxc8 30. b3 Bc6 31. 0-0 Ne8 32. Rd2 Nc7 33. f3 1-0

[Event "BRA-ch U14"]
[Site "Florianopolis"]
[Date "2019.04.19"]
[Round "2"]
[White "Grigoli, Leonardo"]
[Black "Machado, Wesley Henrique"]
[Result "0-1"]
[WhiteElo "1819"]
[BlackElo "1363"]
[PlyCount "104"]
[EventDate "2019.04.18"]
[EventType "swiss"]
[EventRounds "6"]
[EventCountry "BRA"]
[SourceTitle "CBM 190 Extra"]
[Source "ChessBase"]
[SourceDate "2019.07.15"]
[SourceVersion "1"]
[SourceVersionDate "2019.07.15"]
[SourceQuality "1"]

1. e4 e5 2. Nf3 Nc6 3. Bc4 Bc5 4. Nc3 Nf6 5. d3 d6 6. h3 a6 7. Bg5 h6 8. Be3 Ba7 9. Bxa7 Rxa7 10. Qd2 Ra8 11. 0-0-0 Be6 12. Bxe6 fxe6 13. Rhe1 0-0 14. d4 exd4 15. Nxd4 e5 16. Nxc6 bxc6 17. f3 Rb8 18. b3 Rb6 19. Rf1 Nd7 20. f4 Rb8 21. fxe5 Nxe5 22. Ne2 Qe7 23. Nd4 Rf6 24. Qe2 Qf8 25. Rxf6 Qxf6 26. Rf1 Qe7 27. Nf3 a5 28. Nxe5 Qxe5 29. Kb1 a4 30. Qc4+ d5 31. exd5 cxd5 32. Qxa4 Qe2 33. Qf4 Qxg2 34. Qf3 Qxf3 35. Rxf3 Rf8 36. Rc3 Rf7 37. a4 Kf8 38. a5 Ke8 39. a6 Kd7 40. b4 c6 41. Ra3 Rf8 42. Kb2 Kc7 43. a7 Kb7 44. Ra4 Ra8 45. Kc3 Rxa7 46. Rxa7+ Kxa7 47. Kd4 Kb6 48. c3 g5 49. Ke5 Kb5 50. Kf6 Kc4 51. Kg6 Kxc3 52. Kxh6 d4 0-1